PROGRESO TECNICO E INTERNACIONALIZACION DEL PROCESO PRODUCTIVO: EL CASO DE LA INDUSTRIA MAQUILADORA DE TIPO ELECTRONICA/

Na minha lista:
Detalhes bibliográficos
Autor principal: Minian, Isaac (autor)
Formato: Livro
Edição:2a edición
Assuntos:
Tags: Adicionar Tag
Sem tags, seja o primeiro a adicionar uma tag!

MARC

LEADER 00000nam^a2200000^a^4500
001 000224610
005 20250521000000.0
009 20260310104055.604
020 |a 968-29-1561-9 
035 |a 043287 
037 |a Acervo Xavier Clavigero 
082 |a 338. 456213  |b MIN 
100 |a Minian, Isaac  |e (autor) 
245 1 0 |a PROGRESO TECNICO E INTERNACIONALIZACION DEL PROCESO PRODUCTIVO:  |b EL CASO DE LA INDUSTRIA MAQUILADORA DE TIPO ELECTRONICA/  |c ISAAC MINIAN 
250 |a 2a edición 
264 |a México :  |b CIDE :  |b Instituto Politécnico Nacional,  |c 1987 
300 |a 133 p. 
336 |a texto  |b txt  |2 rdacontenido 
337 |a sin mediación  |b n  |2 rdamedio 
338 |a volumen  |b nc  |2 rdasoporte 
649 |a XX 
650 |a Industria Electrónica 
650 |a Comercio Internacional 
910 |a Fondo General 
920 |a Impresos - Libros 
930 |a Colección General 
905 |a 101 
901 |a 043287  |b IT1  |c ACC  |i 043287  |u 20250521 
902 |a https://opac.biblio.iteso.mx/vufind/Record/000224610